00727nam a22002057a 450000500170000001000150001702000260003203500140005803700090007208200160008110000280009724500620012525000060018726000400019327000570023330000200029094200300031099900190034095201620035920250717141144.0 aENG-146030 a9788190317881c495.00 aEN-129562 bDBAD a368.3200681 aChoudhary, J. K.983054 aBuild Your Career in Insurance Industry/cJ. K. Choudhary a1 aPanchkulabHoliday Book Storec2012 aS.C.O. 43, First Floor, Swastik Vihar MDCbPanchkula a220p.c22cm(Hb) 2ddccENh368.3200681mCHO c212409d212409 001040708NFICaKGMbKGMd2025-07-17eDelivery of Books Act Divisiong495.00l0o368.3200681 CHOpEN-129562r2025-07-17 00:00:00t1v495.00w2025-07-17yEN